000
00296nam a2200109Ia 4500
008
230907s9999||||xx |||||||||||||| ||und||
082
_a
610.28,THI
245
0
_a
Thin films and coatings in biology /
260
_a
Springer,
_b
Dordrecht ; | New York :
_c
2013
300
_a
vi, 365 p. :
942
_c
BK
999
_c
597487
_d
597487